Victimization, fear of crime and altered behavior : a profile of the crime problem in Capper Dwellings, Washington, D.C.

Bibliographic Details
Corporate Authors: William Brill Associates, United States. Department of Housing and Urban Development. Office of Policy Development and Research
Format: Government Document Book
Language:English
Published: [Washington] : Dept. of Housing and Urban Development, Office of Policy Development and Research, 1977.
Series:HUD-PDR ; 174-2(2)
Subjects:

MARC

Tag First Indicator Second Indicator Subfields
LEADER 00000cam a2200000 4500
001 in00000798024
005 20151017074431.0
008 771001s1977 dcua f00010 eng d
010 |a gp 77016343  
020 |c pbk. 
035 |a (OCoLC)03324406 
035 |9 ADQ5046AM 
037 |b 20410 
040 |c GPO  |d UtOrBLW 
043 |a n-us-dc 
074 |a 581-E-20 
086 |a HH 1.70:W 27 
110 2 |a William Brill Associates. 
245 1 0 |a Victimization, fear of crime and altered behavior :  |b a profile of the crime problem in Capper Dwellings, Washington, D.C. 
264 1 |a [Washington] :  |b Dept. of Housing and Urban Development, Office of Policy Development and Research,  |c 1977. 
300 |a ii, 56 pages :  |b illustrations ;  |c 27 cm. 
336 |a text  |b txt  |2 rdacontent 
337 |a unmediated  |b n  |2 rdamedia 
338 |a volume  |b nc  |2 rdacarrier 
490 0 |a HUD-PDR ; 174-2(2) 
500 |a Contract number H-2249. 
500 |a Issued Apr. 1977. 
500 |a Previous edition current. 
650 0 |a Victims of crimes  |z Washington (D.C.) 
650 0 |a Crime  |z Washington (D.C.) 
650 0 |a Behavior modification. 
650 0 |a Public housing  |z Washington (D.C.)  |x Evaluation. 
650 0 |a Criminals  |z Washington (D.C.) 
710 1 |a United States.  |b Department of Housing and Urban Development.  |b Office of Policy Development and Research. 
740 |a Capper Dwellings, Washington, D.C.: A profile of the crime problem. 
999 |a MARS 
999 f f |s da5f53de-53e5-381b-9fd3-763e49df611e  |i f56fa3f5-03df-3d19-887e-87e2a1dd63bc  |t 0 
952 f f |p normal  |a Texas A&M University  |b College Station  |c Sterling C. Evans Library  |d Evans: US Documents (Annex 5th floor)  |t 0  |e HH 1.70: W 27  |h Superintendent of Documents classification  |i unmediated -- volume  |m A14817818437 
998 f f |a HH 1.70: W 27  |t 0  |l Evans: US Documents (Annex 5th floor)